[Event "Speed Chess Championship 2020"]
[Site "Online"]
[Date "2020.12.03"]
[Round "2.2"]
[White "Aronian, Levon"]
[Black "Vachier-Lagrave, Maxime"]
[Result "0-1"]
[WhiteElo "2781"]
[BlackElo "2784"]
[Annotator "TA"]
[PlyCount "88"]
[EventDate "2020.10.31"]
[EventType "k.o."]
[EventCountry "NET"]
[SourceTitle "playchess.com"]
[Source "ChessBase"]
[SourceQuality "1"]

{[%evp 11,88,11,9,10,18,13,25,25,33,12,22,27,35,20,30,-2,27,22,37,39,50,43,46,37,57,42,57,60,77,75,82,39,35,25,27,25,25,27,51,48,31,-25,0,0,0,0,0,-37,-23,-47,-28,-22,138,-165,-152,-154,-162,-295,-289,-274,-189,-300,-261,-509,-503,-484,-476,-498,-479,-373,-432,-29952,-670,-5518,-4610,-29980,-29980,-29979,-29979]} 1. b3 e5 2. Bb2 Nc6 3. e3 Nf6 4. Bb5 d6 5. Ne2 Bd7 6. O-O Be7 7. c4 {A01: Nimzowitsch-Larsen Opening.} O-O 8. Nbc3 Re8 9. d4 {[#] White has an edge.} a6 $146 ({Predecessor:} 9... Bf8 10. dxe5 dxe5 11. Nd5 Ne4 12. Nec3 Nd6 13. c5 Nxb5 14. Nxb5 Rc8 15. Rc1 a6 {0-1 (38) Gundersen,H (2220)-Krueger,E (2248) Dresden 2010}) 10. Bxc6 Bxc6 11. Qc2 Qc8 12. Rad1 Bf8 13. a4 h5 (13... Bd7 {feels hotter.} 14. Ng3 b5 15. cxb5 axb5 16. Nxb5 Bxb5 17. axb5 Ra5) 14. e4 exd4 15. Rxd4 g6 16. f3 Bg7 17. Rdd1 Rb8 18. Nd4 Bd7 19. Kh1 h4 20. Qf2 h3 {aiming for ...hxg2+.} 21. gxh3 c5 22. Nde2 {And now Nf4 would win.} b5 $1 23. axb5 axb5 24. Nd5 Nxd5 25. Bxg7 Kxg7 ({But not} 25... Bxh3 $6 26. Rg1 $16) 26. cxd5 (26. Rxd5 $14 Be6 27. Rxd6 bxc4 28. Nf4 Rxb3 29. Rfd1) 26... Bxh3 27. Rg1 {Hoping for Nf4.} Qd8 28. Nf4 {Threatens to win with Qg3.} Rh8 29. Rg3 (29. b4 $5) 29... Bd7 30. Rdg1 Rh6 31. Rg5 $1 Qe7 $2 ({Black should try} 31... Kh7 $11) 32. h4 $2 {[%mdl 8192] This costs White the game.} (32. Nh5+ $1 $16 {is necessary to keep the advantage.} Kf8 33. Qb2) 32... Rbh8 $1 $19 33. h5 Qf6 34. Qg3 (34. Qe3 $142) 34... c4 $1 35. bxc4 bxc4 {[%cal Bb5c4,Bc4c3,Bc3c2][%mdl 32]} 36. Kg2 (36. Rc1 {was the only chance.}) 36... Ra8 37. Rf1 $2 (37. Ne2) 37... Ra2+ 38. Rf2 Rxf2+ 39. Kxf2 c3 {...Qd4+ is the strong threat.} 40. Ne2 {[#]} c2 $1 41. hxg6 (41. f4 $19 Bb5 42. Nc1) 41... fxg6 (41... c1=Q $142 42. Nxc1 Qd4+ 43. Kg2 Qd2+ 44. Ne2 Qxe2+ 45. Qf2 {[#]} Rh2+ $1 {[%mdl 576] Skewer, Deflection} 46. Kxh2 Qxf2+ 47. Rg2 Qxf3 48. gxf7+ Kxf7 49. e5 dxe5 50. Ra2 Qxd5 51. Rf2+ Ke7 52. Re2 Bb5 53. Rf2 e4 54. Rc2 e3 55. Rc7+ Kf6 56. Rc8 Qd2+ 57. Kg1 e2 58. Rc1 Qxc1+ 59. Kf2 e1=Q+ 60. Kf3 Qf1+ 61. Kg4 Qg5#) 42. e5 dxe5 43. Qxe5 Qxe5 44. Rxe5 Rh2+ {Weighted Error Value: White=0.77/Black=0.20} 0-1

[Event "Speed Chess Championship 2020"]
[Site "Online"]
[Date "2020.11.19"]
[Round "2.2"]
[White "Duda, Jan-Krzysztof"]
[Black "So, Wesley"]
[Result "1-0"]
[WhiteElo "2743"]
[BlackElo "2816"]
[Annotator "TA"]
[PlyCount "75"]
[EventDate "2020.10.31"]
[EventType "k.o."]
[EventCountry "NET"]
[SourceTitle "playchess.com"]
[Source "ChessBase"]
[SourceQuality "1"]

{[%evp 18,75,32,33,34,38,42,38,49,53,59,52,56,21,61,61,65,62,66,63,74,69,49,47,63,24,34,0,0,0,0,0,0,0,0,-76,0,-30,8,10,47,61,48,0,442,387,442,435,395,378,2595,2938,2128,2500,1749,1278,29991,29992,29992,5010]} 1. e4 e5 2. Nf3 Nf6 3. Nxe5 d6 4. Nf3 Nxe4 5. d4 d5 6. Bd3 Nc6 7. O-O Be7 8. Nbd2 Nxd2 9. Bxd2 Bg4 10. c3 O-O {C42: Petroff Defence: 3 Nxe5 and unusual White 3rd moves.} 11. h3 Bh5 12. g3 a6 {White is slightly better.} 13. Kg2 Bg6 14. Bxg6 {[#]} fxg6 $146 ({Predecessor:} 14... hxg6 15. h4 Qd7 16. Rh1 Qf5 17. Bf4 Rac8 18. Re1 f6 19. Qd2 Rf7 20. Re2 Bf8 {1-0 (58) Manrique Ochoa,F-Garcia,H (2117) ICCF email 2017}) 15. Bf4 Bd6 16. Bxd6 Qxd6 17. Qd3 Rae8 18. Rae1 h6 19. h4 Qf6 20. Re3 Rxe3 21. fxe3 Qe6 22. b3 Ne7 23. c4 Nf5 24. Ne5 dxc4 25. bxc4 c5 {And now ...Rd8 would win.} 26. Qe4 (26. g4 $11 Nxh4+ 27. Kh3 Rxf1 28. Qxf1) 26... b5 ({Black should play} 26... Re8 $1 $17) 27. Rf4 ({Don't blunder} 27. dxc5 $2 Re8 $19) (27. h5 $5) 27... bxc4 {White must now prevent ...cxd4.} 28. d5 ({Wrong is} 28. dxc5 $2 Re8 $19) 28... Qe8 {...c3 is the strong threat.} 29. Nxc4 Qa4 30. h5 (30. Kh3 $5 {[%cal Re4e6]} Qd7 31. Kh2 $14) 30... Re8 $2 {[%mdl 8192] [#]} (30... g5 $11 {and Black has nothing to worry.} 31. Rxf5 Rxf5 32. Qxf5 Qxc4) 31. Qd3 $1 $18 Qxa2+ 32. Kh3 Qa1 {( -> ...Qh1+)} 33. Rf1 Qa4 $2 (33... Qf6) 34. hxg6 Ne7 35. d6 Qd7+ 36. Kh2 Nc8 37. Qd5+ Kh8 38. Qf7 {Weighted Error Value: White=0.13/Black=0.58} (38. Ne5 $142 Nb6 39. Nf7+ Qxf7 40. Qxf7 Rg8 {[#]} 41. Qxg8+ $3 {[%mdl 576] Back Rank, Clearance} Kxg8 42. Rf7 Nd5 43. d7 Nf6 44. d8=Q+ Ne8 45. Qxe8#) 1-0

[Event "Speed Chess Championship 2020"]
[Site "Online"]
[Date "2020.12.05"]
[Round "2.2"]
[White "Artemiev, Vladislav"]
[Black "Carlsen, Magnus"]
[Result "0-1"]
[WhiteElo "2708"]
[BlackElo "2862"]
[Annotator "TA"]
[PlyCount "82"]
[EventDate "2020.10.31"]
[EventType "k.o."]
[EventCountry "NET"]
[SourceTitle "playchess.com"]
[Source "ChessBase"]
[SourceQuality "1"]

{[%evp 14,82,8,11,16,0,15,13,0,6,5,0,0,0,0,-23,2,4,7,7,8,0,0,0,8,18,38,0,0,-12,-12,-10,-14,-16,-16,-17,-17,-18,-18,-10,-10,-16,-15,-10,-11,-53,-50,-55,-53,-49,-42,-38,-24,-35,-33,-47,-54,-65,-62,-62,-44,-485,-495,-666,-663,-669,-668,-665,-660,-649,-649]} 1. d4 Nf6 2. c4 g6 3. g3 c6 4. Bg2 d5 5. Nd2 Bg7 6. Ngf3 O-O 7. O-O a5 $1 {[%mdl 4] is recently more successful than 7...Bf5.} 8. b3 a4 {D78: Fianchetto Grünfeld: 6 0-0 c6.} 9. Ba3 Re8 10. e3 Bf5 {The position is equal.} 11. Qe2 Ne4 12. Rfc1 Nxd2 13. Qxd2 Be4 14. Qb4 {[#]} axb3 $146 ({Predecessor:} 14... Ra7 15. bxa4 Nd7 16. cxd5 Bxd5 17. Bb2 Qa8 18. a5 Rxa5 19. a4 c5 20. dxc5 Bxb2 21. Qxb2 Nxc5 {0-1 (28) Wojtaszek,R (2723)-Sjugirov,S (2646) Doha 2015}) 15. axb3 Qc8 16. Bb2 Rxa1 17. Rxa1 c5 18. Qb5 dxc4 19. bxc4 Qc6 20. Ra8 Rf8 21. Ne1 Bxg2 22. Nxg2 cxd4 23. Bxd4 Bxd4 24. exd4 Qxb5 25. cxb5 $11 {[%mdl 4096] Endgame KRN-KRN} Nd7 26. Ra7 Rb8 27. Nf4 Nb6 28. Nd3 Nc8 29. Ra5 b6 30. Ra4 Nd6 31. Rb4 Rc8 32. Ne5 Rc1+ 33. Kg2 f6 34. Nd7 Nc8 35. Ra4 Rc7 36. Nb8 Nd6 37. Ra8 $2 {[%mdl 8192] [#] This move loses the game for White.} (37. Rb4 $15) 37... Rc8 $19 {Black is clearly winning.} 38. Kf3 Nxb5 39. Ke3 Nd6 40. d5 Kf7 41. Kd4 b5 {Weighted Error Value: White=0.41/Black=0.03} 0-1

[Event "Speed Chess Championship 2020"]
[Site "Online"]
[Date "2020.12.04"]
[Round "2.2"]
[White "Fedoseev, Vladimir"]
[Black "Nakamura, Hikaru"]
[Result "0-1"]
[WhiteElo "2676"]
[BlackElo "2736"]
[Annotator "RC"]
[PlyCount "100"]
[EventDate "2020.10.31"]
[EventType "k.o."]
[EventCountry "NET"]
[SourceTitle "playchess.com"]
[Source "ChessBase"]
[SourceQuality "1"]
[TimeControl "300+1"]

1. d4 {[%emt 0:00:01]} Nf6 {[%emt 0:00:01]} 2. c4 {[%emt 0:00:01]} e6 {[%emt 0:00:00]} 3. Nf3 {[%emt 0:00:02]} d5 {[%emt 0:00:01]} 4. g3 {[%emt 0:00:00]} Be7 {[%emt 0:00:03]} 5. Bg2 {[%emt 0:00:01]} O-O {[%emt 0:00:01]} 6. O-O {[%emt 0:00:02]} dxc4 {[%emt 0:00:00]} 7. Qc2 {[%emt 0:00:02]} a6 {[%emt 0:00:01]} 8. a4 {[%emt 0:00:06]} Bd7 {[%emt 0:00:01]} 9. Qxc4 {[%emt 0:00:01]} Bc6 {[%emt 0:00:01]} 10. Bf4 {[%emt 0:00:06]} Bd6 {[%emt 0:00:01]} 11. Qc1 {[%emt 0:00:01]} a5 {[%emt 0:00:01]} 12. Nc3 {[%emt 0:00:06]} Na6 {[%emt 0:00:01]} 13. Bd2 {[%emt 0:00:01]} Qe7 {[%emt 0:00:12]} 14. Qb1 {[%emt 0:00:06]} Bb4 {[%emt 0:00:03]} 15. Re1 {[%emt 0:00:09]} Bxf3 {[%emt 0:00:02]} 16. Bxf3 {[%emt 0:00:07]} Rad8 {[%emt 0:00:03]} 17. Bxb7 {[%emt 0:00:10]} Nc5 {[%emt 0:00:09]} 18. dxc5 {[%emt 0:00:50]} Rxd2 {[%emt 0:00:00]} 19. Ne4 {[%emt 0:00:08]} Nxe4 {[%emt 0:00:46]} 20. Bxe4 {[%emt 0:00:05]} Qf6 {[%emt 0:00:17]} 21. Bxh7+ {[%emt 0:00:55]} Kh8 {[%emt 0:00:02]} 22. Bd3 {[%emt 0:00:01]} Rxb2 {[%emt 0:00:25]} 23. Qc1 {[%emt 0:00:01]} Bxe1 {[%emt 0:00:05]} 24. Qxe1 {[%emt 0:00:01]} Rb4 {[%emt 0:00:01]} 25. c6 {[%emt 0:00:03]} Rd8 {[%emt 0:00:26]} 26. Kg2 {[%emt 0:00:11]} Qd4 {[%emt 0:00:13]} 27. Bb5 {[%emt 0:00:16]} g6 {[%emt 0:00:31]} 28. Rc1 {[%emt 0:00:05]} Kg7 {[%emt 0:00:09]} 29. Qc3 {[%emt 0:00:07]} Qxc3 {[%emt 0:00:06]} 30. Rxc3 {[%emt 0:00:02]} g5 {[%emt 0:00:01]} 31. h3 {[%emt 0:00:03]} f5 {[%emt 0:00:09]} 32. f3 {[%emt 0:00:40]} Kf6 {[%emt 0:00:10]} 33. Rc1 {[%emt 0:00:05]} Rbd4 {[%emt 0:00:13]} 34. Rc3 {[%emt 0:00:12]} Rd1 {[%emt 0:00:09]} 35. Rc5 {[%emt 0:00:07]} R8d5 {[%emt 0:00:04]} 36. Rc3 {[%emt 0:00:01]} Ra1 {[%emt 0:00:10]} 37. f4 {[%emt 0:00:09]} gxf4 {[%emt 0:00:20]} 38. gxf4 {[%emt 0:00:01]} Rdd1 {[%emt 0:00:01]} 39. Kf3 {[%emt 0:00:16]} Rh1 {[%emt 0:00:08]} 40. Kf2 {[%emt 0:00:01]} Raf1+ {[%emt 0:00:03]} 41. Kg2 {[%emt 0:00:01]} Rhg1+ {[%emt 0:00:01]} 42. Kh2 {[%emt 0:00:00]} Rg7 {[%emt 0:00:05]} 43. e3 {[%emt 0:00:04]} Rf2+ {[%emt 0:00:01]} 44. Kh1 {[%emt 0:00:01]} Rf3 {[%emt 0:00:01]} 45. Kh2 {[%emt 0:00:03]} Rgg3 {[%emt 0:00:01]} 46. Bf1 {[%emt 0:00:03]} Rxe3 {[%emt 0:00:01]} 47. Rc5 {[%emt 0:00:01]} Rgf3 {[%emt 0:00:02]} 48. Kg2 {[%emt 0:00:01]} Rxf4 {[%emt 0:00:04]} 49. Rxa5 {[%emt 0:00:07]} Ra3 {[%emt 0:00:02]} 50. Ra7 {[%emt 0:00:01]} Ra2+ {[%emt 0:00:01]} 0-1

[Event "Speed Chess Championship 2020"]
[Site "Online"]
[Date "2020.12.05"]
[Round "2.3"]
[White "Carlsen, Magnus"]
[Black "Artemiev, Vladislav"]
[Result "1/2-1/2"]
[WhiteElo "2862"]
[BlackElo "2708"]
[Annotator "TA"]
[PlyCount "104"]
[EventDate "2020.10.31"]
[EventType "k.o."]
[EventCountry "NET"]
[SourceTitle "playchess.com"]
[Source "ChessBase"]
[SourceQuality "1"]

{[%evp 13,104,2,6,8,0,0,0,0,0,0,0,4,0,0,6,11,16,-6,-14,-13,0,0,0,-12,-18,-47,-34,-38,-35,-31,-29,-46,0,0,0,0,0,0,0,0,0,4,2,0,38,38,53,12,12,12,13,13,21,12,14,12,19,0,0,0,0,0,0,0,0,0,0,0,0,0,0,0,0,-8,-8,-8,-8,-8,0,0,0,-11,-8,-8,-8,-8,8,0,0,-8,8,0,0]} 1. e4 c6 2. d4 d5 3. Nc3 dxe4 4. Nxe4 Bf5 5. Ng3 Bg6 6. Nh3 Nf6 7. Nf4 e5 {7...Nbd7 deserves study.} 8. dxe5 {Qxd8+ is the strong threat. B18: Classical Caro-Kann: 4...Bf5 sidelines.} Qa5+ {[%mdl 64] [#] Double Attack} 9. c3 Qxe5+ 10. Qe2 Nbd7 11. Nxg6 hxg6 12. Bf4 Qxe2+ 13. Bxe2 Nd5 14. Bd2 O-O-O 15. O-O-O f5 16. Bg5 Be7 17. Bxe7 Nxe7 18. Bc4 Ne5 {[#]} 19. Rxd8+ $146 ({Predecessor:} 19. Be6+ Kc7 20. Rxd8 Rxd8 21. Kc2 Nd3 22. Bf7 Nxf2 23. Re1 Kd6 24. Re2 Ng4 25. Rd2+ {½-½ (34) Potapova,M (2284)-Charochkina,D (2344) Sochi 2018}) 19... Kxd8 20. Be2 $1 Nd5 21. h3 Ke7 22. Rd1 f4 23. Ne4 f3 24. Bxf3 Nxf3 25. gxf3 Rxh3 $11 {[%mdl 4096] Endgame KRN-KRN} 26. Re1 Kd7 27. Nc5+ Kc7 28. Ne6+ Kd6 29. Ng5 Rh2 30. Ne4+ Kc7 {The position is equal.} 31. Rg1 Rh6 32. Kd2 b6 33. c4 Ne7 34. Ke3 Rh5 35. b4 a5 36. a3 axb4 37. axb4 b5 38. Kd4 bxc4 39. Kxc4 Rf5 40. Ra1 Nc8 41. Rg1 Ne7 42. Ra1 Kb6 43. Nc5 {And now Ra6+ would win.} Rf4+ 44. Kb3 Rxf3+ {[%mdl 64] [#] Double Attack} 45. Kc4 Rf4+ 46. Kb3 Rf3+ 47. Kc4 Nc8 {Threatening ...Nd6+.} 48. Ra6+ Kc7 49. Ne6+ Kb7 50. Nc5+ Kc7 51. Ne6+ Kb7 52. Nc5+ Kc7 {Weighted Error Value: White=0.04/Black=0.04} 1/2-1/2

[Event "Speed Chess Championship 2020"]
[Site "Online"]
[Date "2020.11.19"]
[Round "2.3"]
[White "So, Wesley"]
[Black "Duda, Jan-Krzysztof"]
[Result "0-1"]
[WhiteElo "2816"]
[BlackElo "2743"]
[Annotator "TA"]
[PlyCount "54"]
[EventDate "2020.10.31"]
[EventType "k.o."]
[EventCountry "NET"]
[SourceTitle "playchess.com"]
[Source "ChessBase"]
[SourceQuality "1"]

{[%evp 24,54,32,38,26,45,71,19,92,0,28,21,48,41,120,124,107,125,143,0,0,-310,-304,-394,-257,-246,-184,-186,-164,-183,-40,-89,-93]} 1. d4 Nf6 2. c4 e6 3. Nc3 Bb4 4. e3 c5 5. Nge2 cxd4 6. exd4 d5 7. a3 Bxc3+ 8. Nxc3 dxc4 9. Bxc4 O-O 10. O-O Nc6 11. Be3 b6 12. Qf3 Bb7 13. Bd3 Rc8 {E42: Nimzo-Indian: Rubinstein: 4...c5 5 Ne2.} 14. Rad1 Rc7 15. Qh3 $1 Ne7 {[#]} (15... h6 $1 $11 {remains equal.}) 16. d5 $146 (16. Bg5 $16 {aiming for Bxf6.} Ng6 17. Rfe1) ({Predecessor:} 16. Bf4 Rd7 17. Be5 Ng6 18. f4 Nd5 19. f5 Nxe5 20. dxe5 Nxc3 21. fxe6 Rxd3 22. Rxd3 {½-½ (39) Banikas,H (2646)-Mastrovasilis,A (2513) Porto Rio 2014}) 16... Nexd5 17. Nxd5 Bxd5 18. Bg5 $1 {[%cal Rg5f6] Strongly threatening Bxf6.} h6 {[#]} (18... h5 $1 $14) 19. Bxh6 $1 $16 {[%mdl 512]} gxh6 20. Qxh6 $40 {[%mdl 128] White has strong attack.} Qe7 {And now ...Ne4 would win.} 21. Rfe1 (21. Rde1 $1 $16 {[%cal Re1e3] Re3! is the strong threat.} Bc4 22. Qg5+ Kh8 23. Qh4+ {[%mdl 64] Double Attack} Kg7 24. Bxc4) 21... Rd8 $1 $11 22. Re5 $2 {[%mdl 8192] [#]} (22. Qg5+ $11 Kf8 23. Qh6+ Kg8 24. Qg5+ Kf8 25. Qh6+ Kg8) 22... Be4 $1 $19 {[%mdl 576] Pin} 23. h4 (23. Bxe4 Rxd1#) 23... Rc5 ({Don't play} 23... Bxd3 24. Rxd3 $1 {[%mdl 512]} Rc1+ 25. Qxc1 $19) 24. Qg5+ Kh8 25. Qh6+ Bh7 $1 26. Rg5 {[%csl Gg5][%cal Rh6g7]} Rg8 (26... Rxg5 $1 $19 27. hxg5 Ne4 $1 {[%mdl 576] Discovered Attack} 28. Bxe4 Rxd1+ 29. Kh2 f5 30. gxf6 Qf7) 27. b4 {[#]} Rd5 $1 {Weighted Error Value: White=0.40/Black=0.41} 0-1

[Event "Speed Chess Championship 2020"]
[Site "Online"]
[Date "2020.12.02"]
[Round "2.3"]
[White "Vachier-Lagrave, Maxime"]
[Black "Aronian, Levon"]
[Result "1/2-1/2"]
[WhiteElo "2784"]
[BlackElo "2781"]
[Annotator "TA"]
[PlyCount "120"]
[EventDate "2020.10.31"]
[EventType "k.o."]
[EventCountry "NET"]
[SourceTitle "playchess.com"]
[Source "ChessBase"]
[SourceQuality "1"]

{[%evp 12,120,27,11,16,12,14,11,8,14,4,1,16,9,16,13,19,0,16,-2,0,-9,-9,-9,-12,-95,-70,-142,-143,-143,-131,-138,-138,-137,-142,-170,-171,-179,-171,-254,-241,-227,-126,-112,-122,-233,-134,-576,-460,-443,-424,-432,-422,-1058,-820,-937,-649,-29975,-29975,-29963,-29970,-6311,-6398,-2052,-426,-2322,-1515,-992,0,-1993,-426,-389,-261,-279,-260,-276,-8,-8,0,0,0,0,0,0,0,0,0,0,0,-29961,0,0,-8,-8,-8,-8,-8,-8,-8,-8,-8,-8,-8,-8,-8,-8,-8,-8,-8,-8,-8]} 1. e4 e5 2. Nf3 Nc6 3. Bc4 Bc5 4. O-O Nf6 5. d3 d6 6. c3 O-O 7. Re1 $1 {[%mdl 4] is recently more successful than 7.Bb3.} a5 {C54: Giuoco Piano: 4 c3 Nf6, main lines with 5 d4 and 5 d3.} 8. Nbd2 Be6 9. Bb5 Qb8 10. Nf1 Qa7 11. Be3 Bxe3 12. Nxe3 a4 $5 {[%mdl 4] An interesting side line.} 13. d4 {Strongly threatening d5.} Ne7 (13... Nxe4 $6 14. d5 $18) 14. Bd3 Ng6 15. Bc2 h6 16. Nf5 {[#]} Rfd8 $146 ({Predecessor:} 16... Rfe8 17. Qd2 Kh7 18. g3 Qb6 19. Ne3 Qa5 20. d5 Bd7 {0-1 (70) Jones,G (2622)-Vidit,S (2664) Hengshui 2019}) 17. Qd2 b5 18. Rad1 (18. a3 $11 {remains equal.}) 18... Bxa2 $17 19. Nxh6+ (19. dxe5 $15 dxe5 20. Qxd8+ Rxd8 21. Rxd8+ Kh7 22. Ra1) 19... gxh6 20. Qxh6 c5 21. dxe5 dxe5 22. Nxe5 Rxd1 ({Don't play} 22... Nxe5 23. Qxf6 Rxd1 24. Bxd1 $17) 23. Rxd1 Nxe5 24. Qxf6 Ng6 25. h4 (25. Qc6 $142) 25... Qe7 $19 26. Qc6 Rd8 ({Black should play} 26... Rb8 $19 27. h5 Ne5) 27. Rxd8+ $17 Qxd8 28. h5 (28. Qxb5 $17 Qd2 29. Qd3 Qc1+ 30. Kh2) 28... Nf4 ({Worse is} 28... Qd2 29. hxg6 Qc1+ 30. Kh2 $11) (28... Ne5 $1 $19 {[%cal Re5c6]} 29. Qxb5 Qg5) 29. Qxc5 $2 {[%mdl 8192]} (29. Qxb5 $17 {was the crucial defense.} a3 30. bxa3) 29... Ne2+ 30. Kf1 Bc4 31. Ke1 Nf4 {[%cal Rf4g2]} 32. f3 (32. Qd4 $142 Nxg2+ 33. Kd1) 32... Nxg2+ $19 33. Kf2 Nf4 {( -> ...Qh4+)} 34. Qf5 Qd2+ 35. Kg3 Ne2+ 36. Kh4 Qe1+ 37. Kg5 Qg3+ (37... Be6 $142 38. Qf6 Qd2+ 39. Kh4 Nf4 40. Bxa4 Kh7 41. Qxe6 Nxe6 42. Kg3 Qe1+ 43. Kh3 Qg1 44. e5 Nf4+ {[%mdl 64] Double Attack} 45. Kh4 Kh6 46. Bxb5 Qg5#) 38. Kf6 (38. Qg4 $142 Qxg4+ 39. fxg4) 38... Qd6+ 39. Kg5 Qg3+ (39... b4 $142 40. cxb4 Nd4 {[%mdl 64] Double Attack}) 40. Kf6 $1 Qh4+ (40... Qg7+ $142 41. Ke7 Qf8+ 42. Kd7 Be6+ 43. Qxe6 fxe6 44. Kxe6 Qh6+ {[%mdl 64] Double Attack} 45. Ke7 Qd2) 41. Qg5+ Qxg5+ 42. Kxg5 Nxc3 43. bxc3 {[%mdl 4096] Endgame KB-KB} a3 $2 (43... Be2 $1 $19 {Threatens to win with ...a3.} 44. f4 a3) 44. Bb1 $11 a2 {[#]} 45. Bxa2 $1 {[%mdl 512]} Bxa2 {KB-KP} 46. f4 Bb1 47. e5 Ba2 48. f5 Kg7 {...f6+! is the strong threat.} 49. h6+ $1 Kh7 50. Kh5 $2 {[%mdl 8192] [#]} (50. Kf6 $11) 50... Bc4 $2 (50... f6 $1 {mates} 51. exf6 Bd5 52. f7 Bxf7+ 53. Kg5 Bc4 54. Kh5 Bf1 55. Kg5 Bh3 56. f6 Be6 57. Kh5 Bc4 58. Kg5 Bf7 59. Kf5 Kxh6 60. Kf4 Kg6 61. Ke5 Kh5 62. Kf5 Kh6 63. Kf4 Kg6 64. Ke5 Bg8 65. Kd6 Kxf6 66. Kc5 Bc4 67. Kd6 Kf5 68. Kc6 Ke5 69. Kc5 Ke4 70. Kb4 Kd3 71. Ka3 Kc2 72. Kb4 Kb2 73. Ka5 Kxc3 74. Kb6 b4 75. Kc6 b3 76. Kd6 b2 77. Ke5 b1=Q 78. Kf4 Qg6 79. Ke5 Qg4 80. Kf6 Kd4 81. Ke7 Ke5 82. Kf8 Kf6 83. Ke8 Qc8#) 51. Kg5 {The position is equal.} Bb3 (51... Bd5 $5) 52. Kf6 $1 Kxh6 53. e6 fxe6 $1 54. fxe6 {Threatening mate with e7. KB-KPP} Bd1 55. e7 $132 {[%mdl 2048] White is not keeping still} Bh5 56. Ke6 Be8 57. Kd6 Kg6 58. Kc5 Kf6 59. c4 bxc4 60. Kxc4 Kxe7 {Weighted Error Value: White=0.65/Black=0.89} 1/2-1/2

[Event "Speed Chess Championship 2020"]
[Site "Online"]
[Date "2020.12.05"]
[Round "2.3"]
[White "Nakamura, Hikaru"]
[Black "Fedoseev, Vladimir"]
[Result "1-0"]
[WhiteElo "2736"]
[BlackElo "2676"]
[Annotator "TA"]
[PlyCount "175"]
[EventDate "2020.10.31"]
[EventType "k.o."]
[EventCountry "NET"]
[SourceTitle "playchess.com"]
[Source "ChessBase"]
[SourceQuality "1"]

{[%evp 9,175,30,29,23,15,15,23,18,17,0,0,-5,-18,-34,8,-20,-31,-60,-56,-44,0,0,15,8,6,11,25,47,69,0,23,0,53,0,61,21,31,24,70,35,32,12,14,0,15,2,4,5,9,0,10,0,0,0,10,0,0,0,27,0,0,-11,-8,-26,-26,-26,-16,-26,15,0,18,22,19,18,23,0,0,0,50,0,0,0,0,0,177,190,185,180,159,0,0,0,0,0,0,0,0,0,0,0,0,0,0,0,0,0,4,0,0,0,0,0,0,0,0,0,0,0,0,0,1,0,0,0,0,0,0,0,0,0,85,85,130,165,158,158,204,152,295,154,295,169,295,179,494,293,494,494,494,481,360,8,494,494,494,8,494,494,494,494,494,494,387,73,81,8,8,8]} 1. d4 d5 2. c4 e6 3. Nf3 Nf6 4. Nc3 h6 5. e3 Nbd7 {[#]} 6. Ne5 $146 {D37: Queen's Gambit Declined: 5 Bf4.} ({Predecessor:} 6. Bd3 b6 7. O-O Bb7 8. cxd5 exd5 9. Ne5 Bd6 10. f4 a6 11. Bf5 b5 12. Rf3 Nb6 13. Rh3 {½-½ (65) Khairul,A (2319)-Habla,J (2333) Tagaytay City 2011}) 6... dxc4 7. Nxc4 c5 8. dxc5 {White has an edge.} Bxc5 9. Be2 O-O 10. O-O a6 11. Nd6 Ne5 12. Nxc8 Rxc8 13. Qb3 b5 14. Rd1 Qe7 15. Bd2 Nc6 16. a3 Bb6 17. Be1 Rc7 18. Na2 Nd5 19. Nc3 Nf6 20. Na2 Rfc8 ({Black should play} 20... Nd5 $11) 21. Nb4 (21. a4 $14) 21... Nxb4 ({Black should try} 21... Na5 $11 22. Qa2 Ne4) 22. Bxb4 (22. axb4 {keeps more tension.} Ra7 23. g3 Rd8 24. Bf3 Bc7 25. Rxd8+ Qxd8 26. Bc3) 22... Qe8 23. a4 Bc5 24. axb5 axb5 25. Be1 b4 26. Bf3 ({Don't blunder} 26. Bxb4 $2 Rb7 $19) 26... Qe7 27. g3 g6 28. Ra4 {[%cal Re1b4]} Rb8 29. Rc1 Bd6 30. Rd1 Kg7 31. Ra6 Bc5 32. Rc1 Nd7 33. Be2 Ne5 34. Rca1 (34. Bc3 $5 {[%cal Rc3e5]} Bd6 35. Rd1 $14) 34... h5 35. h4 Qf6 36. Kg2 Qf5 37. Rc1 Rbc8 38. Ra5 Ng4 39. Qd3 Qf6 40. b3 Ne5 41. Qe4 Nd7 42. Rc4 Qb2 43. Qc2 Qf6 (43... Qxc2 {seems wilder.} 44. Rxc2 Bd6 45. Rd2 Be7 46. Rda2 Nc5) 44. Bxb4 (44. Qc1 {feels hotter.} e5 45. Bxb4 Bxb4 46. Rxc7 Rxc7 47. Qxc7 Be1 48. f3) 44... Bxb4 45. Rxc7 Rxc7 46. Qxc7 Bxa5 $2 (46... Be1 $11 {and Black stays safe.} 47. f3 Qb2) 47. Qxa5 $18 Qb2 48. Qa7 Nf6 49. Bf3 $2 (49. Bc4 $16 {aiming for Bxe6.} Qe5 50. Qd4) 49... Qxb3 $11 50. Qd4 Qb5 51. Qc3 e5 52. Qc6 Qa5 53. Qb7 Qc5 54. Qa8 Qd6 55. Qa1 Qe6 56. Qc3 Kh7 57. Qb2 Nd7 58. Qc3 Nf6 59. Qb2 Qf5 60. Qc3 Kg7 61. Qb2 {Cut Off at move 61} Qe6 62. Qc3 Qd6 63. Qb2 Nd7 64. Qc3 Nc5 65. Be2 Ne4 66. Qc4 Nf6 67. Bf3 Qd2 68. Qa4 Qb2 69. Qc4 e4 (69... Qd2 $11) 70. Bxe4 $16 Ng4 71. Qd4+ Qxd4 72. exd4 $18 {[%mdl 4096] Endgame KB-KN} Kf6 73. Kf3 Nh6 (73... Ke6 $16 74. Ke2 Nf6) 74. Bc2 (74. Kf4 $18) 74... Ke7 (74... Ng4 $16 {keeps fighting.} 75. Ke2 Ke6) 75. Ke4 (75. Kf4 $142) 75... Kd6 (75... Nf5 $142 76. Ke5 Nd6) 76. Bb3 f6 $2 (76... Ke7 77. Kf4 Nf5) 77. Ba2 (77. Kf4 $142) 77... g5 $2 (77... Ke7 {was called for.} 78. Kf4 Ng4) 78. Bb3 Ng4 79. f3 Nh6 80. Ba2 $2 (80. Bc2 $18) 80... Ke7 $2 {[%mdl 8192]} (80... f5+ $11 81. Kd3 f4 82. hxg5 fxg3 83. gxh6 g2) 81. hxg5 fxg5 {[#]} 82. f4 $2 ({White has to play} 82. Ke5 $1 $18) 82... gxf4 $2 {[%mdl 8192]} (82... h4 $1 $11 {and Black has nothing to worry.}) 83. Kxf4 Kf6 {[#] intending ...Nf5.} 84. Bb1 $1 {[%cal Rb1c2]} Nf7 85. Bd3 Ng5 86. Be2 $2 (86. Bc4 $18 {is more deadly.}) 86... Ne6+ $16 87. Ke4 (87. Ke3 $16) 87... Kg5 $11 88. d5 {[%mdl 32768] Weighted Error Value: White=0.14/Black=0.15. Loss on time!?} 1-0